US army special forces 1952-1984
| Main Author: | |
|---|---|
| Format: | Book |
| Language: | English |
| Published: |
London
Osprey Publ.,
1989
|
| Series: | Osprey Elite Series
|
| Subjects: |
| LEADER | 00545cam a2200193 a 4500 | ||
|---|---|---|---|
| 001 | 0000045024 | ||
| 005 | 19990617090000.0 | ||
| 040 | |a mod | ||
| 041 | |a eng | ||
| 020 | 0 | 0 | |a 085045610X |
| 090 | 0 | 0 | |a 356.160973 |b ROT |
| 100 | 1 | 0 | |a ROTMAN |h Gordon L. |
| 245 | 1 | 0 | |a US army special forces 1952-1984 |c Gordon L. Rotnam |
| 260 | 0 | 0 | |a London |b Osprey Publ., |c 1989 |
| 300 | 0 | 0 | |a 64p. |b ill. |c 25cm |
| 440 | 0 | 0 | |a Osprey Elite Series |
| 651 | 0 | 0 | |a United States |x Special Forces |
| 852 | 0 | 0 | |a 01 |
| 999 | |a 0117189 |b KEMENTAH |d BOOKS |e Rujukan |f Perpustakaan KEMENTAH |j AVAILABLE |q OLD | ||